MARC

LEADER 00000nam0a2200000 4500
001 310533
005 20231102002309.0
020 |a RU  |b 82-25453 
035 |a (RuTPU)RU\TPU\book\335883 
090 |a 310533 
100 |a 20151126d1982 km y rusy50 ca 
101 0 |a rus 
102 |a RU 
105 |a a z 101zy 
200 1 |a Атлас позднеплиоценовых диатомей Прикамья  |e к XI конгрессу INQUA (Москва, 1982)  |f Э. И. Лосева  |g Академия наук СССР (АН СССР), Коми филиал, Институт геологии (ИГ) 
210 |a Ленинград  |c Наука  |d 1982 
215 |a 204 с.  |c ил. 
320 |a Библиогр.: с. 145-152 
606 1 |a Диатомовые водоросли, ископаемые  |z Ранний Мел  |2 stltpush  |3 (RuTPU)RU\TPU\subj\51487  |9 70079 
610 1 |a Плиоцен 
610 1 |a Прикамье 
610 1 |a атласы 
610 1 |a озера 
610 1 |a пресноводные осадки 
610 1 |a таксоны 
610 1 |a электронная микроскопия 
610 1 |a видовое разнообразие 
610 1 |a конгрессы 
675 |a 561.26  |z rus  |v 3 
700 1 |a Лосева  |b Э. И.  |g Эмма Ивановна  |4 070 
712 0 2 |a Академия наук СССР (АН СССР)  |b Коми филиал  |b Институт геологии (ИГ)  |c (Сыктывкар)  |c (1958-1987)  |2 stltpush  |3 (RuTPU)RU\TPU\col\11375 
712 1 2 |a Атлас позднеплиоценовых диатомей Прикамья  |c Конгресс INQUA  |d 11  |e Москва  |f 1982  |4 570 
801 0 |a RU  |b RuMRKP  |c 19950704  |g psbo 
801 1 |a RU  |b 63413507  |c 20151126 
801 2 |a RU  |b 63413507  |c 20191010  |g RCR 
942 |c BK